| 000 | 00000nam 2200000za 4500 |
| 001 | 9.816997 |
| 003 | CaOODSP |
| 005 | 20221107142356 |
| 007 | cr ||||||||||| |
| 008 | 160505s2012 xxc |o f|0| 0 fre d |
| 040 | |aCaOODSP|bfre |
| 043 | |an-cn--- |
| 086 | 1 |aPE2-13/2012F-PDF |
| 110 | 1 |aCanada.|bTribunal de la protection des fonctionnaires divulgateurs Canada. |
| 245 | 10|aComité de consultation des clients mandat |h[ressource électronique]. |
| 260 | |a[Ottawa] : |bTribunal de la protection des fonctionnaires divulgateurs Canada, |c2012. |
| 300 | |a4 p. |
| 500 | |aJuin 2012. |
| 500 | |aPubli. aussi en anglais sous le titre : Client Consultation Committee terms of reference. |
| 692 | 07|2gccst|aMéthodologie |
| 775 | 08|tClient Consultation Committee terms of reference |w(CaOODSP)9.816996 |
| 856 | 40|qPDF|s335 Ko|uhttps://publications.gc.ca/collections/collection_2016/tpfdc-psdptc/PE2-13-2012-fra.pdf |